000 00865nam a2200301 a 4500
003 AR-BaBNM
005 20251128205621.0
008 082120s2002 ||||||||||||||000 | spa||
020 _a84-264-1241-6
040 _cAR-BaBNM
100 1 _aEco, Umberto
245 0 0 _aSeis paseos por los bosques narrativos
_bHarvard University, Norton lectures : 1992-1993
250 _a1ª ed.
260 _aBarcelona
_bLumen
_c1996
300 _a160 p.
_bil.
490 0 _aPalabra en el tiempo
_vv. 241
500 _aContiene índice alfabético en p. 155
650 4 _aTEORIA LITERARIA
650 4 _aCRITICA LITERARIA
650 4 _aANALISIS LITERARIO
650 4 _aSEMIOLOGIA
650 4 _aHISTORIA LITERARIA
655 _aLITERATURA
700 1 _aLozano Miralles, Helena
_etraductor
800 1 _aVilanova, Antonio
_edirector
942 _cBK
998 _cMARTIN
999 _c12135
_d12135